Sports Quiz

Random Sports or MLB Quiz

Most Played Opening Day Foe Since 1901 Quiz Stats

Quiz not verified by Sporcle

Challenge
Share
Tweet
Embed
Score 0/30 Timer 10:00
0 Plays Today
Franchise Most Played Opponent First Game % Correct
AngelsMariners (10 Times)
90.2%
CardinalsPirates (29 Times)
88.2%
DodgersGiants (29 times)
88.2%
GiantsDodgers (30 times)
88.2%
IndiansTigers or White Sox (29 Times)
86.3%
Red SoxYankees (31 Times)
86.3%
MarinersAngels or Athletics (10 Times)
84.3%
MetsCardinals or Phillies (8 Times)
84.3%
YankeesRed Sox (33 Times)
84.3%
BravesPhillies (25 Times)
82.4%
DiamondbacksRockies (6 Times)
80.4%
AstrosBraves, Dodgers, or Giants (8 Times)
78.4%
RedsCubs (29 Times)
78.4%
AthleticsTwins (35 Times)
76.5%
PadresGiants (14 Times)
76.5%
Franchise Most Played Opponent First Game % Correct
TigersIndians (28 Times)
76.5%
CubsReds (31 times)
74.5%
PiratesCardinals (28 times)
74.5%
White SoxIndians (29 Times)
74.5%
RockiesDiamondbacks (6 Times)
72.5%
Blue JaysTigers (6 Times)
70.6%
PhilliesBraves (24 Times)
70.6%
RaysOrioles (6 Times)
70.6%
MarlinsNationals (5 Times)
68.6%
BrewersAngels or White Sox (5 Times)
66.7%
NationalsPirates (9 Times)
66.7%
TwinsAthletics (35 Times)
66.7%
OriolesWhite Sox (28 Times)
64.7%
RangersYankees (7 Times)
60.8%
RoyalsOrioles (9 Times)
56.9%

You're not logged in!

Compare scores with friends on all Sporcle quizzes.
Sign Up with Email
OR
Log In

You Might Also Like...

Show Comments

Extras

Top Quizzes Today


Score Distribution

Your Account Isn't Verified!

In order to create a playlist on Sporcle, you need to verify the email address you used during registration. Go to your Sporcle Settings to finish the process.